000 00688nam a22002417a 4500
001 BR8602474
003 BR-BrBNA
005 20230928092254.0
007 ta
008 230509b bl.||||| |||| 00| 0 por d
040 _aBR-BrBNA
_bpor
_cBiblioteca Nacional de Agricultura
041 _a(Por)
072 _aF70
_b2790
090 _ 2790 BR8602474
110 1 _aLaboratorios Klein Ltda., Porto Alegre, RS (Brasil)
_96665
245 1 _aGuia de medicina vegetal [erva medicinal, receituario medico]
260 3 _aPorto Alegre, RS (Brasil):
_c1986.
300 _a72 p.
650 _aPLANTA MEDICINAL
650 _aFARMACOLOGIA
909 _a202309
_bLucia
_c55
_dLucia Elande
942 _cBK
999 _c38037
_d38037